00993cam a2200253 a 450000100100000000500170001000800410002702000150006803500190008304000300010208200200013210000410015224500360019326000660022930000200029549000810031565000290039665000420042583000920046791000320055904900090059195201240060099900150072400001022420200929161914.0810717s1980 sp 001 p spa  a8400047079 a(DLC) 81162662 aDO-SdBNPcDLCdDLCdBNPHU a861.44bP349ò1 aPeña Peña, Adolfo,d1953-92522410aOlvido /cAdolfo Peña Peña. aZaragoza :bInstitución¨Fernando el Católico¨,c[1980]. a72 p. ;c25 cm.1 aSan Jorgev24aPublicación de la Institución Fernando el Católicov789 4aPoesìa española9631 4aLiteratura españolaySIGLO XX93326 0aSan Jorge ;v24pPublicación de la Institución Fernando el Católico ;a789925225 aCatalogación por copia/LC aBNGR 001052708MOaGRbGRcCTd2009-10-05iLF1l0o861.44 P349òp10224-10r2020-06-25w2020-06-25y2ZPréstamo interno c9983d9983